| 000 | 00815nam a22002657a 4500 | ||
|---|---|---|---|
| 003 | CHAP | ||
| 005 | 20220329140402.0 | ||
| 008 | 971013s r 00010 d | ||
| 010 | _a51241 | ||
| 011 | _a52213 | ||
| 035 | _a56363 | ||
| 040 | _cCHAP | ||
| 090 | _aR-5 | ||
| 100 | 0 | 0 |
_aRoger, J. _999055 |
| 245 | _aRésultats fournis par l'application des rayons X a la paléontologie | ||
| 500 | _aSobretiro de : Bull. Soc. Géologique de France Ser. 5a. 18 : 483-91, 1948 | ||
| 590 |
_aBATCH-UPD _b10 _c20130110 _lUCH01 _h0823 |
||
| 590 |
_aBATCH-UPD _b10 _c20130410 _lUCH01 _h0501 |
||
| 590 |
_aBATCH-UPD _b10 _c20130914 _lUCH01 _h1856 |
||
| 590 |
_aCONVERSION _b10 _c20130109 _lUCH01 _h1328 |
||
| 650 | 1 | 4 |
_aPaleontología. _984907 |
| 901 | _aBK | ||
| 942 | _cREIMP | ||
| 949 |
_aR-5 _bBC _cR _d-123157 _eTS1 _i56363 _si |
||
| 999 |
_c51241 _d51241 |
||